000 00490nam a2200157Ia 4500
003 GCL
008 140319s9999 xx 000 0 ara d
040 _aGCL /
_cGCL
082 0 4 _a956.4
_bر ق
100 1 _aرياض الاشقر
245 1 0 _aقيادة الجيش الاسرائيلى 1960 - 1987 /
_cرياض الاشقر
260 _a[S.N] :
_bمؤسسة الدراسات الفلسطينية ،
_c1988
490 _a
650 0 4 _aالجيش الاسرائيلى
942 _2ddc
_cBK
999 _c54886
_d54886